000 00385nam a2200133Ia 4500
005 20251222144748.0
008 251222s9999||||xx |||||||||||||| ||spa||
020 _a9972-753-07-7
082 _a515.3/F62
100 _aFlores Bazán, Fabián
245 0 _aOptimización y Cálculo de Variaciones sin Convexidad:
264 _bInstituto de Matemética y Ciencias Afines
942 _cLIB
999 _c19216
_d19216